000 01084nas a2200373 4500
001 BR0300943
003 BR-BrBNA
005 20231205103603.0
007 ta
008 230509b bl.|||p| |||| 00| 00por d
040 _aBR-BrBNA
_bpor
_cBiblioteca Nacional de Agricultura
041 _a(Pt)
072 _aF60; F04
100 1 _aAbreu, I.N.
100 1 _aPinto, J.E.B.P.
100 1 _aFurtini Neto, A.E.
100 1 _aBertolucci, S.K.V.
100 1 _aLadeira, A
100 1 _aGeromel, C.
245 1 _aNitrogênio e fósforo na produção vegetal e na indução de mucilagem em plantas de insulina
650 _aPLANTA MEDICINAL
650 _aNITROGÊNIO
650 _aFÓSFORO
650 _aESTUFA
650 _aFISIOLOGIA VEGETAL
650 _aINDUÇÃO
650 _aPROPRIEDADE FÍSICO-QUÍMICA
650 _aADUBAÇÃO
650 _aINSULINA
650 _aMINAS GERAIS
773 0 _tHorticultura Brasileira (Brazil)
_xISSN 0102-0536
_g(Dec 2002), v. 20(4) p. 536-540
_wBR0300943
909 _a202311
_bLúcia
_c55
_dLúcia Elande
942 _2AGRIS
_n0
_cANA
999 _c173677
_d173677